La sonrisa de Mona Ratisa /
¡Mona Ratisa esconde un secreto! Ratonardo da Vinci escondió en el cuadro algunas pistas misteriosas...Mi olfato de ratón me dice que aquí hay gato encerrado; perdón, tesoro escondido. ¿Me han oído? ¿Quieren venir conmigo o no? Será una búsqueda del tesoro muy emocionante, ¡palabra de Stilton!...
Guardado en:
| Autor Principal: | |
|---|---|
| Otros Autores: | , |
| Formato: | Libro |
| Idioma: | Undetermined |
| Publicado: |
Buenos Aires :
Destino,
2004.
|
| Edición: | 1a ed. |
| Series: | Geronimo Stilton ;
6 |
| Materias: | |
| Etiquetas: |
Agregar Etiqueta
Sin Etiquetas, Sea el primero en etiquetar este registro!
|
| LEADER | 01237nam a22002535a 4500 | ||
|---|---|---|---|
| 001 | CEM.cems020867 | ||
| 008 | 240304s2004####ag############000#0#und#d | ||
| 005 | 20240306164229.0 | ||
| 245 | 1 | 0 | |a La sonrisa de Mona Ratisa / |c Geronimo Stilton ; ilustrado por Larry Keys ; traducido por Manuel Manzano. |
| 250 | |a 1a ed. | ||
| 260 | |a Buenos Aires : |b Destino, |c 2004. | ||
| 300 | |a 128 p. | ||
| 490 | 1 | |a Geronimo Stilton ; |v 6 | |
| 500 | |a Geronimo Stilton es el nombre del escritor ficticio con el que firma la escritora italiana Elisabetta Dami. | ||
| 500 | |a Título original: Il sorrisso di Mona Topisa. | ||
| 520 | |a ¡Mona Ratisa esconde un secreto! Ratonardo da Vinci escondió en el cuadro algunas pistas misteriosas...Mi olfato de ratón me dice que aquí hay gato encerrado; perdón, tesoro escondido. ¿Me han oído? ¿Quieren venir conmigo o no? Será una búsqueda del tesoro muy emocionante, ¡palabra de Stilton! | ||
| 020 | |a 8408051725 | ||
| 100 | 1 | |a Stilton, Geronimo |j Dami, Elisabetta. | |
| 700 | 1 | |a Keys, Larry; il. | |
| 700 | 1 | |a Manzano, Manuel; trad. | |
| 653 | |a Literatura infantil | ||
| 653 | |a Novela infantil | ||
| 653 | |a Literatura italiana | ||
| 859 | |a CEMS |b BIB. CEMS - Inicial y Primaria |h 853.9 |i St548-4 |k IP |p 2990 |t Ej.1 | ||
